Tamil actors - Statistics

General Stats
  • This quiz has been taken 425 times
  • The average score is 11 of 15
Answer Stats
Hint Answer % Correct
leo vijay
100%
bashaa rajini
91%
valimai ajith
90%
kaithi karthi
90%
7 am arivu surya
85%
indian kamal hassan
83%
raja rani arya
82%
enemy vishal
76%
vinnai thandi varuvaya simbu
72%
alaipauthey madhavan
71%
pichaikaran vijay antony
71%
jeans prashanth
64%
k2k vijay sethupathi
59%
balloon jai
53%
bombay aravind swamy
48%
No matching quizzes found
Score Distribution
Percent of People with Each Score
Percentile by Number Answered
Your Score History
You have not taken this quiz